|
|
|
|
| LEADER |
01368nam a22003852i 4500 |
| 001 |
001544927 |
| 003 |
CZ BrMZK |
| 005 |
20170413083037.0 |
| 007 |
ta |
| 008 |
160923s1981 xr er|||||||||||cze d |
| 015 |
|
|
|a cnb001081338
|
| 035 |
|
|
|a (OCoLC)85683136
|
| 040 |
|
|
|a PNA001
|b cze
|d BOA001
|e rda
|
| 080 |
|
|
|a (437)
|2 MRF
|
| 080 |
|
|
|a (47+57)
|2 MRF
|
| 080 |
|
|
|a 327
|2 MRF
|
| 080 |
|
|
|a (041)
|2 MRF
|
| 080 |
9 |
|
|a 394.912(437:47):061.2
|
| 100 |
1 |
|
|a Zavadil, Miroslav
|4 aut
|
| 245 |
1 |
0 |
|a Hlavní úkoly SČSP po 16. sjezdu KSČ :
|b (zasedání ÚV SČSP dne 23. června 1981) /
|c Miroslav Zavadil
|
| 264 |
|
1 |
|a Praha :
|b Lidové nakladatelství,
|c 1981
|
| 300 |
|
|
|a 30 stran ;
|c 8°
|
| 336 |
|
|
|a text
|b txt
|2 rdacontent
|
| 337 |
|
|
|a bez média
|b n
|2 rdamedia
|
| 338 |
|
|
|a svazek
|b nc
|2 rdacarrier
|
| 490 |
1 |
|
|a Usnesení a dokumenty
|
| 550 |
|
|
|a Vydavatel: Ústřední výbor SČSP
|
| 610 |
2 |
7 |
|a Svaz československo-sovětského přátelství
|7 ko2003174487
|2 czenas
|
| 653 |
0 |
|
|a Československo
|a Sovětský svaz
|a československo-sovětské vztahy
|
| 710 |
2 |
|
|a Svaz československo-sovětského přátelství.
|b Ústřední výbor
|7 ko2003174488
|4 isb
|
| 830 |
|
0 |
|a Usnesení a dokumenty
|
| 910 |
|
|
|a BOA001
|b X-0835.137
|
| 990 |
|
|
|a BK
|
| 991 |
|
|
|b 201609
|
| 996 |
6 |
|
|b 2619180904
|c X-0835.137
|l MZK
|r Sklad / do 24 hodin
|n 0
|w 001580024
|u 000010
|a 1
|e BOA001
|j MZK50
|s P
|